| 000 | 00739nam a2200205Ia 4500 | ||
|---|---|---|---|
| 003 | GCL | ||
| 008 | 140319s9999 xx 000 0 ara d | ||
| 040 |
_aGCL / _cGCL |
||
| 082 | 0 | 4 |
_a956.4 _bف ا |
| 100 | 1 | _aمحمد مستجير | |
| 245 | 1 | 0 |
_aالاسلام وخرافة المواجهة: الدين والسياسية فى الشرق الاوسط / _cمحمد مستجير |
| 700 | 1 | _aفريد هاليداى | |
| 300 | _a259 ص | ||
| 490 |
_aالهيئة العامة للاستعلامات _v0 |
||
| 650 | 0 | 4 | _aالشرق الاوسط |
| 650 | 0 | 4 | _aالعالم العربى - تاريخ |
| 650 | 0 | 4 | _aالاسلام - الشرق الاوسط - تاريخ |
| 650 | 0 | 4 | _aالشرق الاوسط - تاريخ |
| 942 |
_2ddc _cBK |
||
| 999 |
_c51847 _d51847 |
||